| 000 | 00712 a2200241 4500 | ||
|---|---|---|---|
| 001 | 118851 | ||
| 020 | _a9788539408788 | ||
| 041 | _apor | ||
| 082 | _a028.5 | ||
| 100 | _aValiente, F. | ||
| 490 | _aJanelas curiosas | ||
| 520 | _aAs crianças vão se divertir abrindo as janelas e aprendendo um montão de curiosidades sobre os animais . | ||
| 521 | _aYear 3 | ||
| 697 | _aLiteratura infantojuvenil | ||
| 697 | _aAnimais | ||
| 856 | _u000032/000032aa.webp | ||
| 040 |
_aBR-BrIDEA _cBR-BrIDEA |
||
| 090 |
_aA Year 3 028 _bVAL |
||
| 245 | 1 | 0 |
_aAnimais na água _cF. Valiente; tradução de Heidi Strecker |
| 260 |
_aSão Paulo _bGirassol _c2012 |
||
| 700 |
_aStrecker, Heidi _eTradutor |
||
| 942 | _cBK | ||
| 999 |
_c118851 _d118851 |
||